000 00537nam a2200205 4500
001 111284
003 ES-MaACL
005 20230906185257.0
007 t|
008 061121s1984 sp r ||||1| spa d
100 1 _aNegro, José Luis.
_985313
245 1 0 _aDrogas /
_cJosé Luis Negro.
250 _a2ª ed.
260 _aMadrid :
_bAlhambra,
_c1984.
300 _a79 p. :
_bil. ;
_c19 cm.
490 1 _aCiencias ;
_v6
830 0 _aCiencias ;
_v6
_9233060
852 _aES-MaACL
_jL-11513
_bR.111695
999 _c111284
_d111284